000
nam a22 7a 4500
999
_c
49905
_d
49905
003
OSt
005
20200318132339.0
008
200318b xxu||||| |||| 00| 0 eng d
040
_c
SERO SOFT
100
_a
JOHRI DEEPTI
245
_a
GENDER SCHOOL AND SOCIETY
250
_a
NEW
260
_a
MEERUT
_b
R.LALL
300
_a
210
942
_2
ddc
_c
01